000 00844nam a22002657a 4500
001 BR9300107
003 BR-BrBNA
005 20241121142947.0
007 ta
008 230509b bl.||||| |||| 00| 0 por d
040 _aBR-BrBNA
_bpor
_cBiblioteca Nacional de Agricultura
041 _a(Por)
072 _aH20
_b2383
090 _a2383 BR9300107 OBR
_b2024-7236
100 1 _aAverna-Sacca, R.
110 1 _aSecretaria da Agricultura, Commercio e Obras Publicas do Estado de Sao Paulo, Sao Paulo (Brasil)
245 1 _aAlgumas das molestias cryptogamicas mais comuns da baunilha (Vanilla planifolia)nos Estados de Sao Paulo e Santa Catarina
260 3 _aSao Paulo, SP (Brasil):
_c1923.
300 _a26 p.
650 _aBaunilha
650 _aDoenca de Planta
650 _aSao Paulo
650 _aSanta Catarina
942 _cBK
_2AGRIS
999 _c47042
_d47042